00651 2200217 4500001002100000005001500021035002000036007000300056008004100059020001800100082001100118084001700129100002300146245013700169250000900306260004000315300002100355650002700376700002200403990000800425INLIS00000000000000820170830023912 a0010-0817000007ta170830 0 ind  a979-3654-14-7 a297.73 a297.73 THO m0 aTholkhah, Dr. Imam1 aMembuka Jendela Pendidikan :bMengurai akar tradisi dan integrasi keilmuan pendidikan islam /cDr. Imam Tholkhah ; Ahmad Barizi, M.A aed 1 aJakarta :bPT. Raja Grafindo,c2004 a304 hlm ;c21 cm aPendidikan Agama Islam0 aAhmad Barizi, M.A a494